| 000 | 00475nam a22001577a 4500 | ||
|---|---|---|---|
| 003 | PILC | ||
| 005 | 20150929090554.0 | ||
| 008 | 150929b xxu||||| |||| 00| 0 eng d | ||
| 050 |
_aBF 77 _b.L579 2003 |
||
| 100 | _aLeonano, Ma. Sofia B. | ||
| 245 |
_aPsychology and you / _cMa. Sofia B. Leonano. |
||
| 260 |
_aQuezon City : _bNew Day Pub., _c2003. |
||
| 300 |
_a246 pages : _billustrations ; _c26 cm. |
||
| 500 | _aIncludes bibliographical references. | ||
| 942 |
_2lcc _cBK _kLOC |
||
| 999 |
_c288770 _d288770 |
||